Les 3 meilleurs défenseurs droit par pays dans l'histoire - Statistiques

Statistiques générales
  • Ce quiz a été pris 105 fois
  • Le résultat moyen est 11 sur 24
Statistiques - réponses
Pays Club principal Joueurs % Correct
France Juventus Turin Lilian Thuram
88%
Espagne Réal Madrid Dani Carvajal
78%
Angleterre Manchester City Kyle Walker
75%
Brésil AC Milan Cafu
74%
Brésil FC Barcelone Dani Alves
74%
Allemagne Bayern Munich Philipp Lahm
74%
Angleterre FC Liverpool Trent Alexander Arnold
73%
Argentine Inter Milan Javier Zanetti
60%
Portugal Manchester City Joao Cancelo
57%
Allemagne Bayern Munich Joshua Kimmich
56%
France Bayern Munich Willy Sagnol
53%
Angleterre Manchester United Gary Neville
49%
Argentine Manchester City Pablo Zabaleta
49%
Espagne FC Séville Jesus Navas
48%
Italie Juventus Turin Gianluca Zambrotta
43%
Espagne Réal Madrid Alvaro Arbeloa
29%
France Olympique de Marseille Manuel Amoros
23%
Brésil FC Santos Carlos Alberto
19%
Portugal FC Chelsea Paulo Ferreira
18%
Allemagne Borussia Monchengladbach Berti Vogts
3%
Portugal Benfica SL Joao Pinto
3%
Italie Juventus Turin Gianluca Pessotto
2%
Italie Juventus Turin Claudio Gentile
1%
Argentine Independiente Nestor Clausen
1%
Aucun quiz correspondant
Distribution des résultats
% des personnes avec chaque résultat
Percentile par nombre de réponses
Votre historique - résultats
Vous n’avez pas pris ce quiz